| 000 | 01377nam a2200253Ia 4500 | ||
|---|---|---|---|
| 003 | OSt | ||
| 005 | 20251111162234.0 | ||
| 008 | 210210b2017 xxu||||| |||| 00| 0 eng d | ||
| 040 | _cAL | ||
| 041 | _aKannada | ||
| 082 | _a792.092K GANB | ||
| 100 |
_aGANESHA AMINAGADA _9132146 _dಗಣೇಶ ಅಮೀನಗಡ |
||
| 245 |
_aBannada badukina chinnada dinagalu _bಬಣ್ಣದ ಬದುಕಿನ ಚಿನ್ನದ ದಿನಗಳು |
||
| 260 |
_aBengaluru _b- _c2017 |
||
| 300 | _a160 | ||
| 520 | _a"ಬಣ್ಣದ ಬದುಕಿನ ಚಿನ್ನದ ದಿನಗಳು" ಎಂಬುದು ಗಣೇಶ ಅಮೀನಗಡ ಅವರು ಬರೆದ ಒಂದು ಪುಸ್ತಕವಾಗಿದೆ. ಇದು ಖ್ಯಾತ ರಂಗಕರ್ಮಿ ಮತ್ತು ಕಲಾವಿದರಾದ ಏಣಗಿ ಬಾಳಪ್ಪ ಅವರ ರಂಗಭೂಮಿ ಅನುಭವಗಳ ಕಥನವಾಗಿದೆ. ಈ ಕೃತಿಯಲ್ಲಿ ಲೇಖಕರು ಏಣಗಿ ಬಾಳಪ್ಪ ಅವರ ರಂಗಭೂಮಿಯ ಅನುಭವಗಳನ್ನು ಮತ್ತು ಅವರ ಬದುಕಿನ ಕುರಿತು ವಿವರಿಸಿದ್ದಾರೆ | ||
| 650 |
_adinagalu _9132147 |
||
| 650 |
_achinnada _9132148 |
||
| 650 |
_aBannada _9132149 |
||
| 650 |
_abadukina _9132150 |
||
| 690 |
_aTheatre _9132151 |
||
| 906 | _a072093 | ||
| 942 |
_2ddc _cBK |
||
| 999 |
_c121911 _d121911 |
||